Представление документа в формате MARC21

Поле Инд. ПП Название Значение
Тип записи a
Библиографический уровень a
001 Контрольный номер 8ff55aea8a9f4f4b8a075da47cc1ef0c
005 Дата корректировки 20170316101044.0
020 a ISBN 5-02-008878-1
040 a Служба первич. каталог. НБ ТвГУ
b Код языка каталог. rus
e Правила каталог. PSBO
041 0_ a Код языка текста rus
097 b Оператор novikova
100 1_ a Автор Фомин-Нилов Денис Валерьевич
q Полное имя Фомин-Нилов Д. В.
245 10 a Заглавие Норвежская рабочая партия: источники и историография
260 a Место издания Москва
b Издательство Наука
504 a Библиография Библиогр.: с. 315-318 (79 назв.)
520 0_ a Аннотация Статья посвящена истории Норвежской рабочей партии как яркий пример борьбы между радикально-революционным и умеренно-реформистскими направлениями в мировой социал-демократии.
653 0_ a Ключевые слова Норвегия, страна
a Ключевые слова Норвежская рабочая партия
a Ключевые слова Социал-демократия
a Ключевые слова История Норвежской рабочей партии
773 18 w Контрольный № источника RU/IS/BASE/318428008
t Название источника Северная Европа
d Место и дата издания Москва : Наука, 2003
g Прочая информация Вып. 4. - С. 300-318
901 t Тип документа a
920 a Оператор Нови